Κατάλογος Βιβλιοθηκών Mediterranean College

Εισαγωγή στην Οικονομική. (Record no. 5077)

MARC details
000 -LEADER
fixed length control field 01526cam a22001694a 4500
005 - ΗΜΕΡΟΜΗΝΙΑ ΚΑΙ ΩΡΑ ΤΕΛΕΥΤΑΙΑΣ ΕΝΗΜΕΡΩΣΗΣ
Πεδίο ελέγχου 20250605163451.0
008 - FIXED-LENGTH DATA ELEMENTS--GENERAL INFORMATION
Πεδίο ελέγχου σταθερού μήκους 250528s ||||||||||||||||||||||||d
035 ## - SYSTEM CONTROL NUMBER
System control number 19831
040 ## - ΠΗΓΗ ΚΑΤΑΛΟΓΟΓΡΑΦΗΣΗΣ
Φορέας πρωτότυπης καταλογογράφησης MC Athens Campus Library
Γλώσσα καταλογογράφησης Ελληνικά, Μοντέρνα (1453-)
Modifying agency MC Athens Campus Library
Κανόνες περιγραφικής καταλογογράφησης AACR2
245 1# - ΤΙΤΛΟΣ ΚΑΙ ΔΗΛΩΣΗ ΥΠΕΥΘΥΝΟΤΗΤΑΣ
Τίτλος Εισαγωγή στην Οικονομική.
Number of part/section of a work Τόμος Ι: Μακροοικονομία
260 ## - PUBLICATION, DISTRIBUTION, ETC.
Name of publisher, distributor, etc. Αθήνα
-- Πουρναράκης Ε,
Date of publication, distribution, etc. 1995
300 ## - PHYSICAL DESCRIPTION
Extent 414
520 ## - SUMMARY, ETC.
Summary, etc. Πρόλογος, Βασικές Οικονομικές Έννοιες, Βασικές Έννοιες και Μεθοδολογική Προσέγγιση, Οικονομική Ανεπάρκεια και Κοινωνική Επιλογή, Το Γενικό Πλαίσιο Λειτουργίας της Αγοράς στη Μικτή Οικονομία: Εξειδίκευση και Χρήμα και Ανταλλαγή, Ζήτηση και Προσφορά και ο Καθορισμός των Τιμών, Ο Ρόλος του Κράτους, Εθνικό Προϊόν και Απασχόληση και Οικονομική Πολιτική, Ανεργία και Πληθωρισμός και οι Στόχοι της Μακροοικονομικής Δραστηριότητας, Η Συνολική Ζήτηση και Προσφορά και το Εθνικό Προϊόν, Κατανάλωση και Επενδύσεις και Αποταμίευση, Ο Προσδιορισμός του Εισοδήματος, Δημόσιος Τομέας
942 ## - ADDED ENTRY ELEMENTS (KOHA)
Koha item type Books
Holdings
Τύπος τεκμηρίου Βιβλιοθήκη Τρέχουσα τοποθεσία Barcode Αριθμός εισαγωγής Ημερομηνία απόκτησης Ταξιθετικό σύμβολο Αριθμός αντιτύπου Κατάσταση απόσυρσης Κατάσταση χαμένου Κατάσταση κατεστραμμένου Μη δανεισμός Σύνολο δανεισμών Ημερομηνία τελευταίας εμφάνισης Η τιμή ισχύει από
Books MC Athens Campus Library MC Athens Campus Library 9780000050762 5929 05/06/2025 330 POU 1           05/06/2025 05/06/2025

MC Athens Campus Library
Πατησίων 94 & Κοδριγκτώνος 13, 104 34
Πελλήνης 8 & Πατησίων 107, 112 51
Τ: +30 210 8899600

MC Thessaloniki Campus Library
Ίωνος Δραγούμη 21, 54625 | Ίωνος Δραγούμη 15, 54625
Τ: +30 2310 287779 – Τ: +30 2314 440300